书目信息 |
| 题名: |
21世纪经济法学前沿问题研究
|
|
| 作者: | 张富强 主编 | |
| 分册: | ||
| 出版信息: | 北京 群众出版社 2002.11 |
|
| 页数: | 402页 | |
| 开本: | 20cm | |
| 丛书名: | ||
| 单 册: | ||
| 中图分类: | D922.290.1 | |
| 科图分类: | ||
| 主题词: | 法律--中国 | |
| 电子资源: | ||
| ISBN: | 7-5014-2789-5 | |
| 000 | 00588nam0 2200193 45 | |
| 001 | 0336260914 | |
| 005 | 2003050510042032 | |
| 010 | @a7-5014-2789-5@dRMB 23.00 | |
| 100 | @a20030505d2002 km y0chiy0120 ea | |
| 101 | 0 | @achi |
| 102 | @aCN@b110000 | |
| 200 | 1 | @a21世纪经济法学前沿问题研究@A21 shi ji jing ji fa xue qian yan wen ti yan jiu@f张富强主编@Fzhang fu qiang zhu bian |
| 210 | @a北京@c群众出版社@d2002.11 | |
| 215 | @a402页@d20cm | |
| 606 | 0 | @a法律@x中国 |
| 690 | @aD922.290.1@v4 | |
| 701 | 0 | @a张富强@Azhang fu qiang@4主编 |
| 801 | 0 | @aCN@bPFT@c20030505 |
| 905 | @dD922.290.1@eZ100 | |
| 21世纪经济法学前沿问题研究/张富强主编.-北京:群众出版社,2002.11 |
| 402页;20cm |
| ISBN 7-5014-2789-5:RMB 23.00 |
| ● |
| 相关链接 |
|
|
|
正题名:21世纪经济法学前沿问题研究
索取号:D922.290.1/Z100
 
预约/预借
| 序号 | 登录号 | 条形码 | 馆藏地/架位号 | 状态 | 备注 |
| 1 | 366883 | 203668833 | 社科库509/509社科库 87排6列5层/ [索取号:D922.290.1/Z100] | 在馆 |